000
00253nam a2200097Ia 4500
082
_a
EF PEEB
245
0
_a
The seamstress
100
_a
Peebles, Frances de Pontes London, 2009
_9
76201
942
_c
BK
008
210817s9999 xx 000 0 und d
999
_c
254277
_d
254276